[Event "POL-chT 2 Liga 2019"]
[Site "Poronin"]
[Date "2019.09.11"]
[Round "5.48"]
[White "Dziodzio, Angelika"]
[Black "Jedrocha, Katarzyna"]
[Result "1/2-1/2"]
[WhiteElo "2117"]
[BlackElo "1943"]
[Annotator "TA"]
[PlyCount "212"]
[EventDate "2019.09.07"]
[EventType "team-tourn"]
[EventCountry "POL"]
[SourceTitle "playchess.com"]
[Source "ChessBase"]
[SourceQuality "1"]

{[%evp 18,212,-9,-16,-20,0,-9,-10,-9,-21,0,6,13,6,2,0,18,0,29,10,30,29,35,29,104,2,12,0,0,0,0,-12,-12,-12,-12,-17,-16,-37,32,0,0,0,7,7,0,0,59,45,45,51,46,45,45,45,40,56,160,160,160,160,160,160,160,160,160,160,160,160,160,160,465,409,322,160,160,31,160,31,31,0,160,160,160,61,61,61,177,31,62,31,63,27,27,27,163,163,27,27,27,17,325,27,27,27,27,17,17,17,17,17,17,17,17,17,17,17,17,8,17,17,17,17,17,17,22,22,22,22,22,22,72,8,8,0,0,0,0,-8,-8,-8,-8,-10795,-5881,-5936,-6200,-5716,-5724,-5754,-5735,-5731,-5707,-5735,-5600,-5587,0,-5656,-5597,-5597,-5572,-5520,-5520,-5520,-5333,-5290,-5228,-5221,-5208,-5201,-5186,-29979,-29980,-29980,-5180,-5180,-5172,-5158,-5158,-5151,-5136,-5136,-5136,-5061,-8,-8,0,-8,0,0,0,0,0,0,0,0,0,0,0]} 1. e4 c6 2. c4 d5 3. exd5 cxd5 4. cxd5 Nf6 5. Bb5+ Nbd7 6. Nc3 a6 7. Qa4 g6 8. Nf3 Bg7 9. O-O O-O 10. Bxd7 Qxd7 {B10: Caro-Kann: 2 d3 and 2 c4} 11. Qxd7 Bxd7 12. Re1 Rfe8 13. d4 Rad8 14. Bg5 Bf5 15. Bxf6 Bxf6 {[#]} 16. h3 $146 ({Predecessor:} 16. Ne5 h5 17. f3 h4 18. g4 hxg3 19. hxg3 {0-1 (67) Totsky,L (2521)-Bezgodov,A (2576) Moscow 1999}) 16... h5 17. a4 Rc8 18. a5 Bc2 19. g4 hxg4 20. hxg4 Kf8 (20... g5 $11) 21. g5 (21. Rac1 $1 $16 {[%cal Rc1c2]} Bd3 22. Ne5 Bxe5 23. dxe5) 21... Bg7 $11 22. Re3 Red8 23. Rae1 Rc7 24. Na2 Rxd5 25. Nb4 Rdd7 26. Rc3 Rxc3 27. bxc3 Ba4 (27... Bf5 $15) 28. Nd3 (28. Ne5 $5 {[%cal Re5d7]} Bxe5 29. Rxe5 $11) 28... Bc6 29. Nc5 Rd5 30. Ne5 $1 Bxe5 $1 31. Rxe5 {[%mdl 4096] Endgame KRB-KRN} e6 (31... Rxe5 $11 32. dxe5 Bf3) 32. f4 Ke7 33. Kf2 Rd8 34. Re1 Rh8 35. Kg3 Kd6 36. c4 Rh1 ({Black should try} 36... Kc7 $14) 37. Rxh1 $16 Bxh1 {KB-KN} 38. Kf2 Bc6 39. Nd3 Be8 40. Ke3 Kc7 41. Kd2 b6 42. axb6+ Kxb6 43. Kc3 Ka5 $2 (43... a5 $16 {is tougher.} 44. Ne5 Kb7) 44. Ne5 $18 Kb6 45. Ng4 (45. c5+ $18 {is the precise move to win.} Kb5 46. Nc4) 45... a5 46. Kb3 (46. Ne5 $16) 46... Bc6 (46... Kc7 $14) 47. Nf6 (47. Ne5 $16 Be8 48. c5+ Ka6 49. Nc4) 47... Kc7 $1 $14 48. Ng4 (48. Ng8 $14) 48... Kb6 $16 49. Ne5 Be8 50. Nd3 (50. Kc3 $16) 50... Kc6 51. Nc5 Kb6 (51... Kc7 $1 $14) 52. Na4+ (52. Ne4 $1 $18) 52... Kc6 53. Nc3 Bd7 54. c5 Kc7 $1 55. Kc4 Bc6 (55... Kc8 $1 $11 {and Black has nothing to worry.}) 56. Nb5+ $18 Kd7 ({Black should play} 56... Kb7 $18 57. Nd6+ {[%mdl 64] Double Attack} Ka6) 57. Nd6 $11 Ke7 58. Kb3 Kf8 $2 {[%mdl 8192]} (58... f6 $11 {and Black is okay.}) 59. Ka3 $2 (59. Nc8 $18) 59... Ke7 60. Nc4 a4 $1 61. Nb6 f6 62. Kb4 fxg5 63. fxg5 Kf7 $1 64. Nc4 {White threatens Ne5+ and mate.} Ke7 65. Ne3 Kd7 66. Ka3 Bb5 67. Ng2 Ke7 68. Nh4 Be8 69. Nf3 Kd8 70. Ne5 Ke7 71. Kb4 Kd8 72. Nd3 Ke7 $1 73. Ka3 Kd8 74. Nb2 (74. Nf4 $16 Ke7 75. Nd3) 74... Kc7 75. Nxa4 Kc6 76. Kb4 Kd5 77. Nb2 Kxd4 {Hoping for ...e5.} 78. Nc4 e5 {Strongly threatening ...e4.} 79. Nd6 $2 {[%mdl 8192]} (79. Na5 $11) 79... Bd7 80. Kb3 Kxc5 81. Ne4+ Kd4 82. Nf6 Bf5 83. Kb2 Ke3 84. Kc1 Kf4 85. Nh7 Ke3 86. Nf6 e4 87. Nd5+ Kf3 88. Kd2 Kg4 89. Ke3 Kxg5 90. Nf4 Kg4 91. Ne2 g5 92. Kf2 Kh3 93. Ng1+ Kh2 94. Ne2 g4 (94... Bg6 $142 95. Ke3 Bh5 96. Nd4 Bg6 97. Nc6 g4 98. Ne7 Bh7 99. Nd5 g3 100. Nf6 g2 101. Kd4 g1=Q+ 102. Kd5 e3 103. Nd7 e2 104. Ne5 Qd1+ 105. Kc5 e1=Q 106. Nc4 Qe7+ 107. Nd6 Qexd6+ 108. Kb5 Qb3+ 109. Ka5 Qdb6#) 95. Ke3 $19 Kg2 96. Nf4+ Kf1 97. Nh5 {[#]} Bg6 $1 {[%cal Rg6h5]} 98. Ng3+ Kg2 99. Kf4 {[#]} e3 $2 (99... Kh3 $1 $19 100. Ne2 Kh4) 100. Kxg4 $11 {[#]The position is equal.} Bf5+ $1 {[%mdl 512]} 101. Kf4 (101. Nxf5 e2) 101... Kf2 {...Bd7 is the strong threat.} 102. Nh1+ Ke2 {aiming for ...Bd7.} 103. Ng3+ {[%mdl 64] Double Attack} Kf2 104. Nh1+ Ke2 {White must now prevent ...Bd7.} 105. Ng3+ {[%mdl 64] Double Attack} Kf2 {Threatens to win with ...Bd7.} 106. Nh1+ Ke2 {Accuracy: White = 44%, Black = 45%.} 1/2-1/2

[Event "POL-chT 2 Liga 2019"]
[Site "Poronin"]
[Date "2019.09.11"]
[Round "5.49"]
[White "Sieciechowicz, Marcin"]
[Black "Nowicki, Bartosz"]
[Result "1/2-1/2"]
[WhiteElo "2364"]
[BlackElo "2349"]
[Annotator "TA"]
[PlyCount "43"]
[EventDate "2019.09.07"]
[EventType "team-tourn"]
[EventCountry "POL"]
[SourceTitle "playchess.com"]
[Source "ChessBase"]
[SourceQuality "1"]

{[%evp 9,43,33,29,6,0,0,6,0,4,10,12,0,14,-2,17,-33,-21,-49,-34,-52,-79,-50,-6,0,0,-2,3,0,0,0,0,0,0,0,0,0]} 1. d4 f5 2. Bg5 g6 3. Nc3 Bg7 4. h4 h6 (4... Nc6 5. Nf3 h6 6. Bf4 Nf6 7. d5 e5 8. Bxe5 Nxe5 9. Nxe5 Ne4 10. Nxe4 fxe4 11. Nxg6 Bxb2 12. e3 {0-1 (35) Wagner,D (2575)-Vallejo Pons,F (2684) Berlin 2015}) 5. Bf4 Nf6 6. Qd2 {A80: Dutch Defence: Unusual White second moves} d6 7. e3 e6 8. O-O-O Qe7 9. f3 $146 ({Predecessor:} 9. Nf3 Nc6 10. Bb5 O-O 11. Bg3 {1-0 (33) Noe,C (2422)-Zeidler,S (2185) Novi Sad 2016}) 9... Nc6 10. Bb5 Bd7 11. e4 e5 (11... O-O-O {is more complex.} 12. d5 Ne5 13. Bxd7+ Nfxd7 14. exf5 gxf5 15. Nge2 Nb6) 12. dxe5 dxe5 13. Bxc6 Bxc6 14. exf5 gxf5 15. Re1 Nh5 16. Nh3 {The position is equal.} Nxf4 17. Nxf4 Qd6 18. Nh5 Qxd2+ 19. Kxd2 O-O-O+ 20. Kc1 Rhg8 {next ...Bh8 is good for Black.} 21. Nxg7 Rxg7 22. Rxe5 {Accuracy: White = 27%, Black = 53%.} 1/2-1/2

[Event "POL-chT 2 Liga 2019"]
[Site "Poronin"]
[Date "2019.09.11"]
[Round "5.50"]
[White "Suliborski, Jakub"]
[Black "Grela, Kacper"]
[Result "0-1"]
[WhiteElo "2169"]
[BlackElo "2346"]
[Annotator "NA"]
[PlyCount "96"]
[EventDate "2019.09.07"]
[EventType "team-tourn"]
[EventCountry "POL"]
[SourceTitle "playchess.com"]
[Source "ChessBase"]
[SourceQuality "1"]
[TimeControl "40/5400+30:1800+30"]

1. e4 {[%emt 0:00:00]} c5 {[%emt 0:00:00]} 2. Nf3 {[%emt 0:00:00]} Nc6 {[%emt 0:00:00]} 3. d4 {[%emt 0:00:00]} cxd4 {[%emt 0:00:00]} 4. Nxd4 {[%emt 0:00:00]} Nf6 {[%emt 0:00:00]} 5. Nc3 {[%emt 0:00:05]} d6 {[%emt 0:00:07]} 6. h3 {[%emt 0:01:30]} e5 {[%emt 0:01:02]} 7. Nde2 {[%emt 0:00:10]} Be6 {[%emt 0:01:31]} 8. Bg5 {[%emt 0:00:08]} Be7 {[%emt 0:00:15]} 9. Bxf6 {[%emt 0:00:12]} Bxf6 {[%emt 0:00:09]} 10. Nd5 {[%emt 0:00:08]} O-O {[%emt 0:05:00]} 11. Nec3 {[%emt 0:01:10]} Bg5 {[%emt 0:07:26]} 12. Bd3 {[%emt 0:12:33]} Rc8 {[%emt 0:03:21]} 13. O-O {[%emt 0:05:12]} Ne7 {[%emt 0:04:03]} 14. Qf3 {[%emt 0:13:02]} Nxd5 {[%emt 0:07:56]} 15. Nxd5 {[%emt 0:05:57]} Bxd5 {[%emt 0:01:21]} 16. exd5 {[%emt 0:00:04]} g6 {[%emt 0:01:29]} 17. c3 {[%emt 0:03:40]} f5 {[%emt 0:06:49]} 18. Qd1 {[%emt 0:00:14]} e4 {[%emt 0:08:15]} 19. Be2 {[%emt 0:00:28]} Bf4 {[%emt 0:05:04]} 20. Qd4 {[%emt 0:04:36]} Qg5 {[%emt 0:04:20]} 21. Bb5 {[%emt 0:06:27]} Rc7 {[%emt 0:05:21]} 22. Rae1 {[%emt 0:04:32]} Re7 {[%emt 0:02:20]} 23. Kh1 {[%emt 0:05:50]} a6 {[%emt 0:00:57]} 24. Ba4 {[%emt 0:00:37]} e3 {[%emt 0:01:32]} 25. Bd1 {[%emt 0:05:18]} Re4 {[%emt 0:02:16]} 26. Qb6 {[%emt 0:03:57]} Rfe8 {[%emt 0:02:59]} 27. Re2 {[%emt 0:03:04]} Qh4 {[%emt 0:07:46]} 28. Bc2 {[%emt 0:08:21]} R4e7 {[%emt 0:01:19]} 29. Qd4 {[%emt 0:07:54]} Qg5 {[%emt 0:02:24]} 30. Bd3 {[%emt 0:03:48]} exf2 {[%emt 0:02:12]} 31. Rxe7 {[%emt 0:01:25]} Rxe7 {[%emt 0:00:04]} 32. Qxf2 {[%emt 0:00:04]} Bg3 {[%emt 0:00:20]} 33. Qf3 {[%emt 0:02:41]} Re3 {[%emt 0:00:47]} 34. Qd1 {[%emt 0:00:04]} Be5 {[%emt 0:01:20]} 35. Rf3 {[%emt 0:01:58]} Rxf3 {[%emt 0:00:21]} 36. gxf3 {[%emt 0:00:19]} Qg3 {[%emt 0:00:38]} 37. Qe2 {[%emt 0:00:02]} Qxh3+ {[%emt 0:00:13]} 38. Kg1 {[%emt 0:00:03]} Qh6 {[%emt 0:01:58]} 39. a4 {[%emt 0:01:04]} Qc1+ {[%emt 0:00:41]} 40. Kg2 {[%emt 0:00:00]} h5 {[%emt 0:00:00]} 41. Qf2 {[%emt 0:02:41]} Qf4 {[%emt 0:03:47]} 42. a5 {[%emt 0:03:12]} h4 {[%emt 0:01:00]} 43. b4 {[%emt 0:01:19]} Bxc3 {[%emt 0:01:38]} 44. b5 {[%emt 0:00:06]} axb5 {[%emt 0:02:14]} 45. Bxb5 {[%emt 0:00:04]} Bxa5 {[%emt 0:01:35]} 46. Qe2 {[%emt 0:01:43]} Bc3 {[%emt 0:00:37]} 47. Be8 {[%emt 0:01:02]} Kh7 {[%emt 0:02:32]} 48. Qe7+ {[%emt 0:02:56]} Bg7 {[%emt 0:00:07]} 0-1

[Event "POL-chT 2 Liga 2019"]
[Site "Poronin"]
[Date "2019.09.11"]
[Round "5.51"]
[White "Komendecki, Jacek"]
[Black "Parol, Pawel"]
[Result "1-0"]
[WhiteElo "2073"]
[BlackElo "2145"]
[Annotator "NA"]
[PlyCount "55"]
[EventDate "2019.09.07"]
[EventType "team-tourn"]
[EventCountry "POL"]
[SourceTitle "playchess.com"]
[Source "ChessBase"]
[SourceQuality "1"]
[TimeControl "40/5400+30:1800+30"]

1. e4 {[%emt 0:00:00]} e6 {[%emt 0:00:00]} 2. d4 {[%emt 0:00:00]} d5 {[%emt 0:00:00]} 3. Bd3 {[%emt 0:00:00]} Nf6 {[%emt 0:02:06]} 4. e5 {[%emt 0:00:00]} Nfd7 {[%emt 0:00:28]} 5. f4 {[%emt 0:00:06]} c5 {[%emt 0:03:04]} 6. c3 {[%emt 0:00:09]} Nc6 {[%emt 0:04:51]} 7. Nf3 {[%emt 0:00:13]} Qb6 {[%emt 0:07:03]} 8. Bc2 {[%emt 0:00:50]} Be7 {[%emt 0:12:40]} 9. O-O {[%emt 0:06:51]} g6 {[%emt 0:13:38]} 10. Kh1 {[%emt 0:01:46]} h5 {[%emt 0:12:57]} 11. dxc5 {[%emt 0:12:39]} Nxc5 {[%emt 0:03:55]} 12. b4 {[%emt 0:01:52]} Nd7 {[%emt 0:03:36]} 13. Qe2 {[%emt 0:00:59]} a5 {[%emt 0:15:38]} 14. Be3 {[%emt 0:01:22]} Qc7 {[%emt 0:01:02]} 15. b5 {[%emt 0:07:33]} Na7 {[%emt 0:01:06]} 16. Nd4 {[%emt 0:30:06]} Nc5 {[%emt 0:02:38]} 17. Nd2 {[%emt 0:03:06]} b6 {[%emt 0:00:24]} 18. Rac1 {[%emt 0:10:06]} Bb7 {[%emt 0:00:39]} 19. c4 {[%emt 0:02:12]} Rd8 {[%emt 0:02:36]} 20. Bb1 {[%emt 0:03:05]} Qd7 {[%emt 0:06:48]} 21. Rfd1 O-O {[%emt 0:02:01]} 22. f5 {[%emt 0:12:29]} exf5 {[%emt 0:00:03]} 23. Bh6 {[%emt 0:00:17]} Ne6 {[%emt 0:03:44]} 24. Nxf5 {[%emt 0:04:09]} gxf5 {[%emt 0:00:21]} 25. Qxh5 {[%emt 0:00:36]} Nd4 {[%emt 0:00:41]} 26. Rc3 {[%emt 0:00:33]} Qe6 {[%emt 0:00:29]} 27. Rg3+ {[%emt 0:00:21]} Bg5 {[%emt 0:00:31]} 28. Rxg5+ {[%emt 0:00:10]} 1-0

[Event "POL-chT 2 Liga 2019"]
[Site "Poronin"]
[Date "2019.09.11"]
[Round "5.52"]
[White "Kowalec, Maciej"]
[Black "Kowalak, Piotr"]
[Result "1/2-1/2"]
[WhiteElo "2054"]
[BlackElo "2108"]
[Annotator "NA"]
[PlyCount "43"]
[EventDate "2019.09.07"]
[EventType "team-tourn"]
[EventCountry "POL"]
[SourceTitle "playchess.com"]
[Source "ChessBase"]
[SourceQuality "1"]
[TimeControl "40/5400+30:1800+30"]

1. d4 {[%emt 0:00:00]} Nf6 {[%emt 0:00:00]} 2. Bg5 {[%emt 0:00:08]} d5 {[%emt 0:01:09]} 3. Nd2 {[%emt 0:01:00]} Nbd7 {[%emt 0:06:01]} 4. e3 {[%emt 0:02:53]} e6 {[%emt 0:05:29]} 5. Bd3 {[%emt 0:00:34]} Be7 {[%emt 0:02:01]} 6. c3 {[%emt 0:01:05]} e5 {[%emt 0:05:40]} 7. Rc1 {[%emt 0:07:12]} O-O {[%emt 0:02:44]} 8. Bb1 {[%emt 0:06:56]} c5 {[%emt 0:17:07]} 9. dxe5 {[%emt 0:02:37]} Nxe5 {[%emt 0:02:42]} 10. Ngf3 {[%emt 0:01:08]} Nxf3+ {[%emt 0:22:54]} 11. Nxf3 {[%emt 0:02:50]} Be6 {[%emt 0:00:36]} 12. Bxf6 {[%emt 0:02:36]} Bxf6 {[%emt 0:00:15]} 13. O-O {[%emt 0:00:50]} g6 {[%emt 0:00:33]} 14. b4 {[%emt 0:07:17]} b6 {[%emt 0:02:18]} 15. Qa4 {[%emt 0:05:52]} Qc7 {[%emt 0:01:09]} 16. Bd3 {[%emt 0:02:40]} Rfd8 {[%emt 0:03:42]} 17. h3 {[%emt 0:04:58]} Rac8 {[%emt 0:04:43]} 18. Ba6 {[%emt 0:02:22]} Rb8 {[%emt 0:01:35]} 19. Bb5 {[%emt 0:01:00]} Rbc8 {[%emt 0:02:00]} 20. Ba6 {[%emt 0:03:15]} Rb8 {[%emt 0:00:20]} 21. Bb5 {[%emt 0:01:47]} Rbc8 {[%emt 0:00:38]} 22. Ba6 {[%emt 0:03:03]} 1/2-1/2

[Event "POL-chT 2 Liga 2019"]
[Site "Poronin"]
[Date "2019.09.11"]
[Round "5.53"]
[White "Krawiec, Grzegorz"]
[Black "Parol, Pola"]
[Result "0-1"]
[WhiteElo "1792"]
[BlackElo "2062"]
[Annotator "NA"]
[PlyCount "88"]
[EventDate "2019.09.07"]
[EventType "team-tourn"]
[EventCountry "POL"]
[SourceTitle "playchess.com"]
[Source "ChessBase"]
[SourceQuality "1"]
[TimeControl "40/5400+30:1800+30"]

1. e4 {[%emt 0:00:00]} c5 {[%emt 0:00:00]} 2. Nf3 {[%emt 0:00:00]} d6 {[%emt 0:00:00]} 3. d4 {[%emt 0:00:00]} cxd4 {[%emt 0:00:02]} 4. Nxd4 {[%emt 0:00:00]} Nf6 {[%emt 0:00:07]} 5. Nc3 {[%emt 0:00:00]} a6 {[%emt 0:00:06]} 6. g3 {[%emt 0:00:47]} e5 {[%emt 0:01:22]} 7. Nb3 {[%emt 0:00:59]} Be7 {[%emt 0:01:33]} 8. Bg2 {[%emt 0:00:26]} O-O {[%emt 0:01:54]} 9. O-O {[%emt 0:00:34]} b5 {[%emt 0:02:35]} 10. a4 {[%emt 0:02:49]} b4 {[%emt 0:05:07]} 11. Nd5 {[%emt 0:02:01]} a5 {[%emt 0:09:01]} 12. Re1 Bb7 {[%emt 0:07:34]} 13. c4 {[%emt 0:14:31]} bxc3 {[%emt 0:02:05]} 14. Nxc3 {[%emt 0:00:28]} Na6 {[%emt 0:03:56]} 15. Be3 {[%emt 0:02:40]} Nb4 {[%emt 0:01:51]} 16. Rc1 {[%emt 0:07:12]} Qd7 {[%emt 0:06:48]} 17. Bb6 {[%emt 0:05:27]} Bd8 {[%emt 0:02:23]} 18. Be3 {[%emt 0:16:10]} Bc6 {[%emt 0:02:47]} 19. Na1 {[%emt 0:02:09]} Rb8 {[%emt 0:05:00]} 20. b3 {[%emt 0:04:39]} Bb6 {[%emt 0:02:07]} 21. Nc2 {[%emt 0:01:34]} Nxc2 {[%emt 0:09:32]} 22. Qxc2 {[%emt 0:01:42]} Bxe3 {[%emt 0:00:22]} 23. Rxe3 {[%emt 0:00:15]} Rfc8 {[%emt 0:01:40]} 24. Qd1 {[%emt 0:04:54]} Qe6 {[%emt 0:02:04]} 25. Nd5 {[%emt 0:07:35]} Bxd5 {[%emt 0:05:37]} 26. Rxc8+ {[%emt 0:00:06]} Qxc8 {[%emt 0:01:39]} 27. exd5 {[%emt 0:00:05]} Qc5 {[%emt 0:01:41]} 28. Qd2 {[%emt 0:04:00]} Rc8 {[%emt 0:01:06]} 29. Bf1 {[%emt 0:07:33]} h6 {[%emt 0:06:07]} 30. Bc4 {[%emt 0:06:12]} Nd7 {[%emt 0:01:21]} 31. Kg2 {[%emt 0:00:48]} Nb6 {[%emt 0:04:12]} 32. Rc3 {[%emt 0:00:11]} Qb4 {[%emt 0:01:43]} 33. Qd3 {[%emt 0:02:22]} Rc5 {[%emt 0:04:56]} 34. Rc2 {[%emt 0:00:28]} Qa3 {[%emt 0:01:00]} 35. h4 {[%emt 0:03:23]} Qa1 {[%emt 0:01:00]} 36. h5 {[%emt 0:03:48]} Qb1 {[%emt 0:00:17]} 37. Qf5 {[%emt 0:02:02]} Nxc4 {[%emt 0:00:59]} 38. bxc4 {[%emt 0:00:32]} Rxc4 {[%emt 0:00:18]} 39. Qd7 {[%emt 0:00:32]} Qxc2 {[%emt 0:00:31]} 40. Qe8+ {[%emt 0:00:00]} Kh7 {[%emt 0:00:00]} 41. Qxf7 {[%emt 0:00:20]} Qe4+ {[%emt 0:00:54]} 42. f3 {[%emt 0:00:41]} Qe2+ {[%emt 0:00:33]} 43. Kh3 {[%emt 0:00:19]} Qf1+ {[%emt 0:00:06]} 44. Kh2 {[%emt 0:00:01]} Rc2# {[%emt 0:00:07]} 0-1

[Event "POL-chT 2 Liga 2019"]
[Site "Poronin"]
[Date "2019.09.11"]
[Round "5.54"]
[White "Rykala, Monika"]
[Black "Karykowska, Anna"]
[Result "0-1"]
[WhiteElo "1892"]
[BlackElo "1895"]
[Annotator "NA"]
[PlyCount "64"]
[EventDate "2019.09.07"]
[EventType "team-tourn"]
[EventCountry "POL"]
[SourceTitle "playchess.com"]
[Source "ChessBase"]
[SourceQuality "1"]
[TimeControl "40/5400+30:1800+30"]

1. d4 {[%emt 0:00:00]} Nf6 {[%emt 0:00:00]} 2. c4 {[%emt 0:00:00]} e6 {[%emt 0:00:00]} 3. Nc3 {[%emt 0:00:00]} Bb4 {[%emt 0:00:27]} 4. Bg5 {[%emt 0:00:22]} d5 {[%emt 0:10:55]} 5. e3 {[%emt 0:03:26]} O-O {[%emt 0:02:09]} 6. Qc2 {[%emt 0:05:35]} Nbd7 {[%emt 0:03:28]} 7. cxd5 {[%emt 0:03:24]} exd5 {[%emt 0:00:40]} 8. Bd3 {[%emt 0:03:01]} h6 {[%emt 0:01:39]} 9. Bh4 {[%emt 0:00:12]} c5 {[%emt 0:03:18]} 10. Nge2 {[%emt 0:07:16]} c4 {[%emt 0:03:58]} 11. Bf5 {[%emt 0:00:06]} Nb6 {[%emt 0:00:37]} 12. O-O {[%emt 0:01:16]} Be7 {[%emt 0:05:10]} 13. h3 {[%emt 0:05:41]} Bxf5 {[%emt 0:04:36]} 14. Qxf5 {[%emt 0:01:22]} Qd7 {[%emt 0:00:54]} 15. Qxd7 {[%emt 0:00:38]} Nbxd7 {[%emt 0:00:11]} 16. Bxf6 {[%emt 0:05:59]} Nxf6 {[%emt 0:00:18]} 17. a4 {[%emt 0:07:13]} a6 {[%emt 0:04:05]} 18. a5 {[%emt 0:00:54]} Rac8 {[%emt 0:02:34]} 19. Rfb1 {[%emt 0:03:14]} Bb4 {[%emt 0:08:26]} 20. Ra4 {[%emt 0:00:44]} Bd6 {[%emt 0:02:14]} 21. Ra2 {[%emt 0:03:27]} Rc6 {[%emt 0:04:23]} 22. b4 {[%emt 0:05:58]} b5 {[%emt 0:06:18]} 23. axb6 {[%emt 0:12:12]} Rxb6 {[%emt 0:00:07]} 24. b5 {[%emt 0:00:54]} axb5 {[%emt 0:03:33]} 25. Rxb5 {[%emt 0:00:47]} Rfb8 {[%emt 0:04:56]} 26. Rxb6 {[%emt 0:01:07]} Rxb6 {[%emt 0:00:07]} 27. f3 {[%emt 0:00:50]} Rb3 {[%emt 0:03:23]} 28. Kf2 {[%emt 0:03:38]} Bb4 {[%emt 0:01:17]} 29. Rc2 {[%emt 0:01:17]} Kf8 {[%emt 0:01:37]} 30. e4 {[%emt 0:03:54]} dxe4 {[%emt 0:04:20]} 31. fxe4 {[%emt 0:00:07]} Bxc3 {[%emt 0:00:15]} 32. Nxc3 {[%emt 0:00:02]} Rxc3 {[%emt 0:00:18]} 0-1

[Event "POL-chT 2 Liga 2019"]
[Site "Poronin"]
[Date "2019.09.12"]
[Round "6.1"]
[White "Lewicki, Miroslaw"]
[Black "Bator, Robert"]
[Result "1/2-1/2"]
[WhiteElo "2351"]
[BlackElo "2358"]
[Annotator "NA"]
[PlyCount "40"]
[EventDate "2019.09.07"]
[EventType "team-tourn"]
[EventCountry "POL"]
[SourceTitle "playchess.com"]
[Source "ChessBase"]
[SourceQuality "1"]
[TimeControl "40/5400+30:1800+30"]

1. e4 {[%emt 0:00:00]} c5 {[%emt 0:02:34]} 2. Nf3 {[%emt 0:00:00]} Nc6 {[%emt 0:00:12]} 3. Bb5 {[%emt 0:00:33]} g6 {[%emt 0:02:04]} 4. O-O {[%emt 0:00:11]} Bg7 {[%emt 0:00:04]} 5. c3 {[%emt 0:00:54]} Nf6 {[%emt 0:02:51]} 6. Qe2 {[%emt 0:01:42]} O-O {[%emt 0:00:56]} 7. d3 {[%emt 0:00:49]} Qb6 {[%emt 0:05:48]} 8. Ba4 {[%emt 0:01:45]} Qa6 {[%emt 0:04:22]} 9. Bb3 {[%emt 0:03:56]} d6 {[%emt 0:04:24]} 10. h3 {[%emt 0:02:27]} e5 {[%emt 0:06:29]} 11. a4 {[%emt 0:04:20]} Be6 {[%emt 0:06:35]} 12. Bc4 {[%emt 0:04:29]} Bxc4 {[%emt 0:02:32]} 13. dxc4 {[%emt 0:00:06]} d5 {[%emt 0:00:11]} 14. exd5 {[%emt 0:02:33]} Nxd5 {[%emt 0:00:15]} 15. Na3 {[%emt 0:02:15]} Nde7 {[%emt 0:08:15]} 16. Be3 {[%emt 0:05:46]} b6 {[%emt 0:01:06]} 17. Qc2 {[%emt 0:02:15]} f5 {[%emt 0:08:05]} 18. Rad1 {[%emt 0:06:04]} h6 {[%emt 0:05:17]} 19. Rfe1 {[%emt 0:12:30]} Rad8 {[%emt 0:08:27]} 20. Nh2 {[%emt 0:03:13]} Qb7 1/2-1/2

[Event "POL-chT 2 Liga 2019"]
[Site "Poronin"]
[Date "2019.09.12"]
[Round "6.2"]
[White "Marszalek, Maciej"]
[Black "Kozak, Antoni"]
[Result "1/2-1/2"]
[WhiteElo "2301"]
[BlackElo "2341"]
[Annotator "NA"]
[PlyCount "40"]
[EventDate "2019.09.07"]
[EventType "team-tourn"]
[EventCountry "POL"]
[SourceTitle "playchess.com"]
[Source "ChessBase"]
[SourceQuality "1"]
[TimeControl "40/5400+30:1800+30"]

1. d4 {[%emt 0:00:00]} e6 {[%emt 0:00:00]} 2. c4 {[%emt 0:00:06]} b6 {[%emt 0:00:00]} 3. Nf3 {[%emt 0:00:31]} Bb7 {[%emt 0:00:00]} 4. g3 {[%emt 0:00:36]} Bb4+ {[%emt 0:03:11]} 5. Bd2 {[%emt 0:01:22]} Bxd2+ {[%emt 0:06:29]} 6. Qxd2 {[%emt 0:00:40]} f5 {[%emt 0:04:00]} 7. Bg2 {[%emt 0:03:14]} Nf6 {[%emt 0:00:07]} 8. O-O {[%emt 0:00:21]} O-O {[%emt 0:14:59]} 9. Nc3 {[%emt 0:00:19]} Ne4 {[%emt 0:00:59]} 10. Qc2 {[%emt 0:00:25]} Nxc3 {[%emt 0:00:55]} 11. Qxc3 {[%emt 0:00:05]} d6 {[%emt 0:04:20]} 12. Rfd1 {[%emt 0:09:00]} Qe7 {[%emt 0:09:29]} 13. c5 {[%emt 0:08:32]} Be4 {[%emt 0:00:41]} 14. cxd6 {[%emt 0:00:55]} cxd6 {[%emt 0:00:05]} 15. Qa3 {[%emt 0:00:20]} Nd7 {[%emt 0:03:59]} 16. Rac1 {[%emt 0:01:25]} Nf6 {[%emt 0:00:23]} 17. Ne1 {[%emt 0:14:44]} Rac8 {[%emt 0:06:59]} 18. Qa6 {[%emt 0:01:58]} Qd7 {[%emt 0:01:01]} 19. Nd3 {[%emt 0:06:28]} Bxg2 {[%emt 0:04:07]} 20. Kxg2 {[%emt 0:00:10]} Nd5 {[%emt 0:00:02]} 1/2-1/2